Datum a čas kvízu
33.5
Celkem bodů
Celkový počet nahraných bodů na tomto kvízu bez doplňovacích otázek.
10.
Pořadí na kvízu
Konečné umístění týmu na tomto kvízu.
Zaznamenané odpovědi
| # | Otázka | Odpověď | Body | Výsledky |
|---|---|---|---|---|
| 1. | Minulý týden jsme se ústy mluv... | C) medvědi | 1 | |
| 2. | Minulý týden jsme se dozvěděli... | Roland | 0 | |
| 3. | Ve čtvrtek vstoupil do českých... | Já, padouch / Despicable Me (4); Waze | 1 | |
| 4. | V jednom evropském státě se ro... | Řecko | 1 | |
| 5. | Začátkem týdne byla představen... | Alpine Pro, Jan Černý | 1 | |
| 6. | Téma začneme u českého filmu,... | (Jaroslav a Dana) Stodolovi | 0 | |
| 7. | Ve filmu V hlavě z roku 2015 j... | A) úzkost | 1 | |
| 8. | Už 4. října se v kinech předst... | Lady Gaga | 1 | |
| 9. | Premiéru má každý rok velké mn... | C | 1 | |
| 10. | V roce 2024 přišlo do kin rovn... | Frank Herbert, Spasitel Duny | 0 |